000 01200 a2200313 4500
020 _a014051127X (pbk.) :
082 0 0 _a004.03
_bCHA
_cL-31; P-91
100 1 _aChandor, Anthony.
_936527
245 1 4 _aThe Penguin dictionary of computers /
_cAnthony Chandor with John Graham, Robin Williamson.
250 _a3rd ed., New ed.
260 _aHarmondsworth, Middlesex, England ;
_aNew York, N.Y., U.S.A. :
_bPenguin Books,
_c1985.
300 _a488 p. ;
_c20 cm.
490 1 _aPenguin reference
500 _aSecond ed. published as: A dictionary of computers. 1977.
526 _a0
_b0
_c0
_d004_030000000000000_CHA
526 _a0
_b0
_c0
_d004_030000000000000_CHA
526 _a0
_b0
_c0
_d004_030000000000000_CHA
526 _a0
_b0
_c0
_d004_030000000000000_CHA
526 _a0
_b0
_c0
_d004_030000000000000_CHA
526 _a0
_b0
_c0
_d004_030000000000000_CHA
526 _a0
_b0
_c0
_d004_030000000000000_CHA
650 0 _aElectronic data processing
_xDictionaries.
_936528
650 0 _aElectronic digital computers
_xDictionaries.
_936529
650 0 _aMCE
_9379
700 1 _aChandor, Anthony.
_936527
700 1 _aGraham, John,
_936530
700 1 _aWilliamson, Robin.
_936531
942 _2ddc
_cBK
999 _c541566
_d541566